TSV 1860 München Rekordspieler - Statistiken

Allgemein
  • Dieses Quiz wurde 82 mal gespielt
  • Das Durchschnittsergebnis liegt bei 4 aus 10
Antwortstatistiken
Spiele Nationalität Spieler % Korrekt
299 Serbien Petar Radenković
69%
271 Deutschland Benjamin Lauth
67%
308 Österreich Harald Cerny
60%
276 Deutschland Marco Hiller
46%
248 Deutschland Rudolf Brunnenmeier
46%
248 Bulgarien Daniel Borimirov
37%
243 Deutschland Torben Hoffmann
33%
287 Deutschland Alfred Heiß
27%
326 Deutschland Manfred Wagner
13%
290 Deutschland Hans Reich
4%
Keine übereinstimmenden Quizze gefunden
Verteilung der Resultate
Anzahl Personen mit jedem Resultat
Perzentil nach korrekt beantworteten Fragen
Ihre Resultats-Entwicklung
Sie haben dieses Quiz noch nicht gespielt